000 00205nam a22000857a 4500
008 161210b xxu||||| |||| 00| 0 eng d
100 _91971
_aPitambar
245 _aBiology-XII
260 _aNew Delhi
_bP.P.C.
_c2009
999 _c4770
_d4770